[Event "IND-chT 43rd"]
[Site "Dharamshala"]
[Date "2024.04.01"]
[Round "5.1"]
[White "Borkhetariya Devarsh, M."]
[Black "Krishna, C Revanth Gopala"]
[Result "0-1"]
[WhiteElo "1840"]
[BlackElo "2445"]
[PlyCount "56"]
[EventDate "2024.03.29"]
[EventType "team-swiss"]
[EventRounds "9"]
[EventCountry "IND"]
[SourceTitle "CB15_2024"]
[SourceDate "2024.04.10"]
[SourceVersion "1"]
[SourceVersionDate "2024.04.10"]
[SourceQuality "1"]
[WhiteTeam "Gujarat"]
[BlackTeam "Railway Sport PB"]
[WhiteTeamCountry "IND"]
[BlackTeamCountry "IND"]

1. e4 e6 2. d4 d5 3. Bd3 c5 4. exd5 exd5 5. Nf3 c4 6. Be2 Nc6 7. b3 cxb3 8. axb3 Nf6 9. 0-0 Bd6 10. c4 0-0 11. Bg5 h6 12. Bxf6 Qxf6 13. Nc3 Nb4 14. c5 Bxc5 15. Nxd5 Nxd5 16. dxc5 Nf4 17. Ra2 Bh3 18. Ne1 Rad8 19. Qb1 Qg5 20. Bf3 Rfe8 21. g3 Bxf1 22. Kxf1 Nd5 23. Rxa7 Nc3 24. Qa1 Qxc5 25. Ra5 b5 26. Qb2 Nd1 27. Qa2 Qc3 28. Nc2 Qxf3 0-1

[Event "Rilton Cup 51st"]
[Site "Stockholm"]
[Date "2024.01.03"]
[Round "7"]
[White "Krishna, C Revanth Gopala"]
[Black "Gorshtein, Ido"]
[Result "0-1"]
[WhiteElo "2396"]
[BlackElo "2523"]
[PlyCount "52"]
[EventDate "2023.12.27"]
[EventType "swiss"]
[EventRounds "9"]
[EventCountry "SWE"]
[SourceTitle "CB02_2024"]
[SourceDate "2024.01.10"]
[SourceVersion "1"]
[SourceVersionDate "2024.01.10"]
[SourceQuality "1"]

1. d4 Nf6 2. Nf3 e6 3. e3 c5 4. Bd3 b6 5. 0-0 Bb7 6. c4 cxd4 7. exd4 d6 8. Nc3 Nbd7 9. d5 e5 10. Ng5 Be7 11. f4 a6 12. Be3 Rc8 13. Qe2 0-0 14. Nce4 Nxe4 15. Bxe4 Nf6 16. Bf5 Rb8 17. Rad1 exf4 18. Bxf4 g6 19. Rde1 Nxd5 20. Nxf7 Nxf4 21. Rxf4 Kxf7 22. Bxg6+ Kxg6 23. Qe6+ Rf6 24. Rg4+ Kh5 25. Qe2 Rg6 26. h3 Kh6 0-1

[Event "Rilton Cup 51st"]
[Site "Stockholm"]
[Date "2023.12.31"]
[Round "5"]
[White "Krishna, C Revanth Gopala"]
[Black "Socko, Bartosz"]
[Result "0-1"]
[WhiteElo "2396"]
[BlackElo "2550"]
[PlyCount "110"]
[EventDate "2023.12.27"]
[EventType "swiss"]
[EventRounds "9"]
[EventCountry "SWE"]
[SourceTitle "CB02_2024"]
[SourceDate "2024.01.10"]
[SourceVersion "1"]
[SourceVersionDate "2024.01.10"]
[SourceQuality "1"]

1. d4 Nf6 2. c4 e6 3. Nc3 Bb4 4. a3 Bxc3+ 5. bxc3 0-0 6. f3 Ne8 7. e4 c5 8. Nh3 Nc6 9. d5 Na5 10. e5 d6 11. dxe6 Bxe6 12. Ng5 Bf5 13. Bd3 Bxd3 14. Qxd3 g6 15. Be3 dxe5 16. Qxd8 Rxd8 17. Bxc5 Nb3 18. Bxf8 Nxa1 19. Bc5 Nc2+ 20. Ke2 Rc8 21. Be7 Rxc4 22. Rd1 Rc7 23. Bd8 Rc6 24. Be7 f6 25. Kd2 Nxa3 26. Bxa3 fxg5 27. Re1 Re6 28. Bc5 b6 29. Bd4 Nd6 30. Kd3 Nf7 31. Be3 Kg7 32. c4 Rc6 33. Ra1 Rc7 34. c5 bxc5 35. Kc4 h5 36. Ra6 Rb7 37. Bxc5 Rb2 38. Rxa7 Rxg2 39. Kd5 Rc2 40. Rc7 Ra2 41. h3 Kf6 42. Be7+ Kf5 43. Bb4 Nh6 44. Re7 Kf4 45. Rxe5 Nf5 46. Re6 Rb2 47. Bc5 Rb3 48. Rxg6 Rxf3 49. Rf6 Kg3 50. Rg6 Kh4 51. Ke4 Rf1 52. Kd3 Ng3 53. Ke3 Rf5 54. Bb6 Kxh3 55. Rc6 g4 0-1

[Event "Rilton Cup 51st"]
[Site "Stockholm"]
[Date "2023.12.30"]
[Round "4"]
[White "Ajay, Santhosh Parvathare"]
[Black "Krishna, C Revanth Gopala"]
[Result "0-1"]
[WhiteElo "2228"]
[BlackElo "2396"]
[PlyCount "70"]
[EventDate "2023.12.27"]
[EventType "swiss"]
[EventRounds "9"]
[EventCountry "SWE"]
[SourceTitle "CB02_2024"]
[SourceDate "2024.01.10"]
[SourceVersion "1"]
[SourceVersionDate "2024.01.10"]
[SourceQuality "1"]

1. d4 f5 2. f3 d5 3. Nc3 Nf6 4. Bg5 Be6 5. Qd3 c6 6. Nh3 g6 7. Qe3 Qd6 8. Bf4 Qd7 9. Ng5 Bg8 10. Be5 Bg7 11. h4 h6 12. Nh3 Bf7 13. Qd2 Qd8 14. Nf2 Nbd7 15. Bh2 0-0 16. Nd3 c5 17. e3 Rc8 18. 0-0-0 c4 19. Ne5 b5 20. Nxf7 Rxf7 21. Nxb5 Qb6 22. Nc3 e6 23. Ne2 Qa6 24. Nc3 Bf8 25. Qe1 Nb6 26. Be5 Na4 27. h5 g5 28. e4 Bb4 29. Qe3 f4 30. Bxf4 gxf4 31. Qxf4 Nxc3 32. Rh3 Nxa2+ 33. Kb1 Nc3+ 34. bxc3 Bxc3 35. Rg3+ Kh7 0-1

[Event "Rilton Cup 51st"]
[Site "Stockholm"]
[Date "2023.12.27"]
[Round "1"]
[White "Sameer, Loay"]
[Black "Krishna, C Revanth Gopala"]
[Result "0-1"]
[WhiteElo "2209"]
[BlackElo "2396"]
[PlyCount "54"]
[EventDate "2023.12.27"]
[EventType "swiss"]
[EventRounds "9"]
[EventCountry "SWE"]
[SourceTitle "CB02_2024"]
[SourceDate "2024.01.10"]
[SourceVersion "1"]
[SourceVersionDate "2024.01.10"]
[SourceQuality "1"]

1. Nf3 f5 2. d3 d6 3. e4 e5 4. Nc3 Nc6 5. exf5 Nge7 6. d4 Nxd4 7. Nxd4 exd4 8. Qxd4 Nxf5 9. Qe4+ Qe7 10. Bd3 Qxe4+ 11. Bxe4 c6 12. Bf4 d5 13. Bd3 Bc5 14. 0-0 0-0 15. Rae1 b5 16. Be5 Bd7 17. Kh1 Rae8 18. Nd1 Ne3 19. Nxe3 Rxe5 20. Nd1 Rxe1 21. Rxe1 Bg4 22. f3 Rxf3 23. h3 Rf6 24. Ne3 Bd7 25. c3 Rf2 26. Nc2 Rd2 27. b4 Bd6 0-1

[Event "Sitges Sunway op 10th"]
[Site "Sitges"]
[Date "2023.12.20"]
[Round "8"]
[White "Krishna, C Revanth Gopala"]
[Black "Peralta, Fernando"]
[Result "1/2-1/2"]
[WhiteElo "2396"]
[BlackElo "2581"]
[PlyCount "126"]
[EventDate "2023.12.12"]
[EventType "swiss"]
[EventRounds "10"]
[EventCountry "ESP"]
[SourceTitle "CB52_2023"]
[SourceDate "2023.12.27"]
[SourceVersion "1"]
[SourceVersionDate "2023.12.27"]
[SourceQuality "1"]

1. d4 Nf6 2. c4 e6 3. Nc3 d5 4. Bg5 dxc4 5. e3 a6 6. Bxc4 c5 7. a3 Nbd7 8. Nf3 h6 9. Bh4 b5 10. Ba2 Bb7 11. 0-0 Be7 12. Qe2 0-0 13. Rad1 Ne4 14. Nxe4 Bxe4 15. Bxe7 Qxe7 16. dxc5 Nxc5 17. Nd4 Rfc8 18. f3 Bc6 19. e4 Rc7 20. Rd2 Rac8 21. Rfd1 Be8 22. Qe3 a5 23. e5 b4 24. axb4 axb4 25. Bb1 Na4 26. Qe4 g6 27. Qe3 Rc1 28. Bc2 Rxd1+ 29. Bxd1 Rc1 30. Nb3 Rb1 31. Qd4 Qd7 32. Qxd7 Bxd7 33. Kf2 Rxb2 34. Rxb2 Nxb2 35. Be2 Ba4 36. Nc5 Bc6 37. Ke3 g5 38. Kd4 Bd5 39. Na6 b3 40. Nc5 Kg7 41. Kc3 Bc4 42. Nxb3 Bxe2 43. Kxb2 Bf1 44. g3 Bg2 45. Nd4 f6 46. f4 Bd5 47. Kc3 gxf4 48. gxf4 fxe5 49. fxe5 Kg6 50. Kb4 Kg5 51. Kc5 Kg4 52. Kd6 h5 53. Nxe6 Bc4 54. Nc7 Kh3 55. Nd5 Kxh2 56. e6 h4 57. e7 Bb5 58. Nf6 h3 59. Nd7 Bxd7 60. Kxd7 Kg2 61. e8Q h2 62. Qe2+ Kg1 63. Qxh2+ Kxh2 1/2-1/2

[Event "Rome City op 5th"]
[Site "Rome"]
[Date "2023.12.04"]
[Round "1"]
[White "Sedivy, Martin"]
[Black "Krishna, C Revanth Gopala"]
[Result "0-1"]
[WhiteElo "2101"]
[BlackElo "2396"]
[PlyCount "42"]
[EventDate "2023.12.04"]
[EventType "swiss"]
[EventRounds "9"]
[EventCountry "ITA"]
[SourceTitle "CB50_2023"]
[SourceDate "2023.12.13"]
[SourceVersion "1"]
[SourceVersionDate "2023.12.13"]
[SourceQuality "1"]

1. e4 e6 2. c4 d5 3. cxd5 exd5 4. exd5 Nf6 5. Bc4 Be7 6. Nc3 0-0 7. Nge2 Nbd7 8. d3 Nb6 9. Qb3 Bg4 10. f3 Bf5 11. Be3 Nfd7 12. Ng3 Bg6 13. Nge4 Nxc4 14. dxc4 f5 15. d6 Bh4+ 16. Nf2 f4 17. Bxf4 Nc5 18. Qb5 Nd3+ 19. Kf1 Nxf2 20. dxc7 Bd3+ 21. Ne2 Bxe2+ 0-1

[Event "Monsaraz op"]
[Site "Monsaraz"]
[Date "2023.11.28"]
[Round "9"]
[White "Krishna, C Revanth Gopala"]
[Black "Albornoz Cabrera, Carlos Daniel"]
[Result "1/2-1/2"]
[WhiteElo "2406"]
[BlackElo "2585"]
[PlyCount "83"]
[EventDate "2023.11.21"]
[EventType "swiss"]
[EventRounds "9"]
[EventCountry "POR"]
[SourceTitle "CB49_2023"]
[SourceDate "2023.12.06"]
[SourceVersion "1"]
[SourceVersionDate "2023.12.06"]
[SourceQuality "1"]

1. d4 Nf6 2. c4 e6 3. g3 d5 4. Bg2 Be7 5. Nf3 0-0 6. 0-0 dxc4 7. Qc2 b5 8. a4 b4 9. Nfd2 Nd5 10. Nxc4 c5 11. dxc5 Ba6 12. Ne3 Nd7 13. Nxd5 exd5 14. c6 Rc8 15. Bf4 Nc5 16. Rd1 d4 17. h4 h6 18. Bf3 Re8 19. Nd2 d3 20. exd3 Bxd3 21. Qc1 Bf8 22. Re1 Qf6 23. Bg2 Bf5 24. Qc4 Qxb2 25. Bd5 Be6 26. c7 Qc3 27. Rac1 Qxc4 28. Bxc4 g5 29. hxg5 hxg5 30. Bxe6 fxe6 31. Bxg5 Rxc7 32. Nb3 Rcc8 33. Nxc5 Rxc5 34. Be3 Rxc1 35. Rxc1 Bg7 36. a5 b3 37. Bxa7 b2 38. Rb1 Rc8 39. Be3 Ra8 40. Bb6 Rc8 41. Be3 Ra8 42. Bb6 1/2-1/2

[Event "IND-ch 60th"]
[Site "Pune"]
[Date "2023.08.21"]
[Round "6"]
[White "Pawar, Harshit"]
[Black "Krishna, C Revanth Gopala"]
[Result "1/2-1/2"]
[WhiteElo "1970"]
[BlackElo "2405"]
[PlyCount "89"]
[EventDate "2023.08.16"]
[EventType "swiss"]
[EventRounds "11"]
[EventCountry "IND"]
[SourceTitle "EXT 2024"]
[Source "ChessBase"]
[SourceDate "2023.10.10"]
[SourceVersion "1"]
[SourceVersionDate "2023.10.10"]
[SourceQuality "1"]

1. e4 e6 2. d4 d5 3. Nc3 Bb4 4. Nge2 Ne7 5. a3 Ba5 6. b4 Bb6 7. Bb2 Nbc6 8. Qd3 0-0 9. 0-0-0 a5 10. b5 Nb8 11. g3 c6 12. Bg2 Nd7 13. h4 Bc7 14. Ng1 Nb6 15. Nf3 Nc4 16. Nd2 Nxb2 17. Kxb2 a4 18. h5 Bd7 19. Na2 Ra5 20. bxc6 bxc6 21. h6 g6 22. Nb4 c5 23. dxc5 Be5+ 24. Ka2 Rxc5 25. c4 Qc8 26. exd5 exd5 27. Bxd5 Bf5 28. Ne4 Nxd5 29. Nxd5 Kh8 30. Rc1 Rd8 31. f4 Bf6 32. Qe3 Rdxd5 33. Nxf6 Rd3 34. Qe2 Qd8 35. Rhd1 Rxc4 36. Rxd3 Bxd3 37. Qb2 Rxc1 38. Qxc1 Bf5 39. Qc3 Be6+ 40. Kb2 Qb6+ 41. Kc1 Qg1+ 42. Kd2 Qf2+ 43. Kc1 Qg1+ 44. Kd2 Qf2+ 45. Kc1 1/2-1/2

[Event "IND-ch 60th"]
[Site "Pune"]
[Date "2023.08.17"]
[Round "2"]
[White "Priansh, Das"]
[Black "Krishna, C Revanth Gopala"]
[Result "0-1"]
[WhiteElo "1813"]
[BlackElo "2405"]
[PlyCount "88"]
[EventDate "2023.08.16"]
[EventType "swiss"]
[EventRounds "11"]
[EventCountry "IND"]
[SourceTitle "EXT 2024"]
[Source "ChessBase"]
[SourceDate "2023.10.10"]
[SourceVersion "1"]
[SourceVersionDate "2023.10.10"]
[SourceQuality "1"]

1. e4 d6 2. g3 c5 3. Bg2 Nc6 4. d3 g6 5. Be3 Bg7 6. c3 Nf6 7. h3 0-0 8. Nf3 b5 9. Nbd2 b4 10. 0-0 Ba6 11. Qc2 Nd7 12. Rfc1 Rc8 13. Bf1 Nb6 14. Qd1 Qd7 15. Rab1 e5 16. d4 Bxf1 17. Nxf1 cxd4 18. cxd4 Qxh3 19. dxe5 dxe5 20. Bxb6 axb6 21. Ng5 Qh6 22. Qd7 Qxg5 23. Rxc6 Rcd8 24. Qb7 Rb8 25. Qa6 b5 26. Rb6 Qg4 27. Rxb8 Rxb8 28. Qd6 Ra8 29. Qxb4 Rxa2 30. Ne3 Qf3 31. Rc1 Ra8 32. Nd5 h5 33. Qxb5 h4 34. Qb7 Ra4 35. Qc8+ Kh7 36. Nc3 f5 37. gxh4 Rd4 38. Qa6 Rd3 39. exf5 Qg4+ 40. Kf1 Qh3+ 41. Ke1 Qxf5 42. Qb7 Qf4 43. Ra1 Rh3 44. Ra7 Qc1+ 0-1

[Event "Titled Tuesday intern op 01st Aug Late"]
[Site "Chess.com INT"]
[Date "2023.08.01"]
[Round "2"]
[White "Krishna, C Revanth Gopala"]
[Black "Droin, Augustin"]
[Result "0-1"]
[WhiteElo "2405"]
[BlackElo "2463"]
[PlyCount "124"]
[EventDate "2023.08.01"]
[EventType "swiss (blitz)"]
[EventRounds "11"]
[EventCountry "USA"]
[SourceTitle "EXT 2024"]
[Source "ChessBase"]
[SourceDate "2023.10.10"]
[SourceVersion "1"]
[SourceVersionDate "2023.10.10"]
[SourceQuality "1"]

1. d4 Nf6 2. Nf3 e6 3. e3 d5 4. Bd3 c5 5. 0-0 Nc6 6. b3 Bd6 7. Bb2 0-0 8. c4 b6 9. cxd5 exd5 10. Nc3 Bb7 11. Rc1 Rc8 12. Bb1 Bb8 13. Re1 Re8 14. dxc5 bxc5 15. Na4 c4 16. bxc4 dxc4 17. Qxd8 Rexd8 18. Rxc4 Na5 19. Rxc8 Rxc8 20. Rc1 Nc4 21. Bd4 Bd5 22. Nd2 Ng4 23. g3 Nge5 24. Bxe5 Bxe5 25. Be4 Be6 26. Nxc4 Rxc4 27. Rxc4 Bxc4 28. Bb1 Kf8 29. Nc5 Ke7 30. Nb3 Bc3 31. Kg2 g6 32. Kf3 Kd6 33. Nd4 Kc5 34. Ne2 Be5 35. e4 Kb4 36. Ke3 Ka3 37. f4 Bb2 38. Nd4 Bxd4+ 39. Kxd4 Bxa2 40. Bxa2 Kxa2 41. g4 a5 42. f5 Kb3 43. e5 a4 44. e6 fxe6 45. fxe6 a3 46. e7 a2 47. e8Q a1Q+ 48. Kd5 Qd1+ 49. Kc5 Qg1+ 50. Kd5 Qg2+ 51. Qe4 Qxh2 52. Qd3+ Kb2 53. Qd4+ Kc2 54. Qc4+ Kd1 55. Qd3+ Qd2 56. Ke4 Qxd3+ 57. Kxd3 Ke1 58. Ke3 g5 59. Ke4 Kf2 60. Kf5 h6 61. Kg6 Kg3 62. Kh5 Kh3 0-1

[Event "Titled Tuesday intern op 01st Aug Late"]
[Site "Chess.com INT"]
[Date "2023.08.01"]
[Round "4"]
[White "Krishna, C Revanth Gopala"]
[Black "Mizzi, Jack"]
[Result "1-0"]
[WhiteElo "2405"]
[BlackElo "2007"]
[PlyCount "57"]
[EventDate "2023.08.01"]
[EventType "swiss (blitz)"]
[EventRounds "11"]
[EventCountry "USA"]
[SourceTitle "EXT 2024"]
[Source "ChessBase"]
[SourceDate "2023.10.10"]
[SourceVersion "1"]
[SourceVersionDate "2023.10.10"]
[SourceQuality "1"]

1. d4 Nf6 2. Nf3 e6 3. e3 d5 4. Bd3 c5 5. 0-0 c4 6. Be2 Nc6 7. b3 cxb3 8. axb3 Be7 9. c4 0-0 10. Nc3 b6 11. Ba3 Bxa3 12. Rxa3 Bb7 13. Qa1 a5 14. Qb2 Qe7 15. Na4 Qb4 16. c5 Nd7 17. Ne1 Ba6 18. Bxa6 Rxa6 19. Nc2 Qb5 20. Nc3 Qd3 21. Rd1 Qg6 22. b4 b5 23. bxa5 Rxa5 24. Rxa5 Nxa5 25. Qa2 b4 26. Nxb4 Nc4 27. e4 Rb8 28. Nc6 Rb2 29. Ne7+ 1-0

[Event "Titled Tuesday intern op 01st Aug Late"]
[Site "Chess.com INT"]
[Date "2023.08.01"]
[Round "8"]
[White "Krishna, C Revanth Gopala"]
[Black "Sreyas, Payyappat"]
[Result "0-1"]
[WhiteElo "2405"]
[BlackElo "2075"]
[PlyCount "66"]
[EventDate "2023.08.01"]
[EventType "swiss (blitz)"]
[EventRounds "11"]
[EventCountry "USA"]
[SourceTitle "EXT 2024"]
[Source "ChessBase"]
[SourceDate "2023.10.10"]
[SourceVersion "1"]
[SourceVersionDate "2023.10.10"]
[SourceQuality "1"]

1. d4 Nf6 2. Nf3 c5 3. d5 e6 4. Nc3 exd5 5. Nxd5 Nxd5 6. Qxd5 d6 7. e4 Nc6 8. c3 Be6 9. Qd1 Be7 10. Bb5 0-0 11. 0-0 Qc7 12. Bf4 Rad8 13. Re1 a6 14. Be2 Qb6 15. Qc2 Bf6 16. Ng5 Rfe8 17. Nxe6 fxe6 18. Rad1 d5 19. exd5 exd5 20. Bg4 d4 21. Bf5 h6 22. Be6+ Kh8 23. Bf7 Rxe1+ 24. Rxe1 dxc3 25. bxc3 Qa5 26. Re3 Bxc3 27. h4 Bf6 28. Bxh6 gxh6 29. Qg6 Bg7 30. Rg3 Qe1+ 31. Kh2 Qe5 32. Bc4 Ne7 33. Qf7 Nf5 0-1

[Event "Titled Tuesday intern op 25th Jul Late"]
[Site "Chess.com INT"]
[Date "2023.07.25"]
[Round "1"]
[White "Krishna, C Revanth Gopala"]
[Black "Rios Escobar, Adan"]
[Result "1-0"]
[WhiteElo "2409"]
[BlackElo "2234"]
[PlyCount "35"]
[EventDate "2023.07.25"]
[EventType "swiss (blitz)"]
[EventRounds "11"]
[EventCountry "USA"]
[SourceTitle "EXT 2024"]
[Source "ChessBase"]
[SourceDate "2023.10.10"]
[SourceVersion "1"]
[SourceVersionDate "2023.10.10"]
[SourceQuality "1"]

1. e4 c5 2. Nc3 d6 3. f4 Nc6 4. Nf3 g6 5. Bc4 Bg7 6. 0-0 e6 7. d3 Nge7 8. Qe1 0-0 9. f5 gxf5 10. Qh4 fxe4 11. Nxe4 Ng6 12. Qh5 Nd4 13. Nfg5 h6 14. Nf6+ Bxf6 15. Qxh6 Bxg5 16. Bxg5 Nf5 17. Rxf5 d5 18. Bf6 1-0

[Event "Titled Tuesday intern op 25th Jul Late"]
[Site "Chess.com INT"]
[Date "2023.07.25"]
[Round "4"]
[White "Morris Suzuki, Alan H"]
[Black "Krishna, C Revanth Gopala"]
[Result "1-0"]
[WhiteElo "1652"]
[BlackElo "2409"]
[PlyCount "59"]
[EventDate "2023.07.25"]
[EventType "swiss (blitz)"]
[EventRounds "11"]
[EventCountry "USA"]
[SourceTitle "EXT 2024"]
[Source "ChessBase"]
[SourceDate "2023.10.10"]
[SourceVersion "1"]
[SourceVersionDate "2023.10.10"]
[SourceQuality "1"]

1. Nf3 f5 2. d3 d6 3. e4 e5 4. Nc3 Nc6 5. h3 Be7 6. d4 Nxd4 7. Nxd4 exd4 8. Qxd4 Bf6 9. Qc4 Ne7 10. Bd3 c6 11. Bf4 Qb6 12. 0-0-0 fxe4 13. Qxe4 Bf5 14. Qf3 0-0-0 15. Bxd6 Bxd3 16. Rxd3 Bxc3 17. Qg4+ Rd7 18. Qxd7+ Kxd7 19. Bc5+ Nd5 20. Bxb6 axb6 21. bxc3 b5 22. a4 Ra8 23. Rd4 Kc7 24. Re1 bxa4 25. c4 Nf6 26. c5 Ra5 27. Re7+ Kb8 28. Rb4 Nd5 29. Rbxb7+ Kc8 30. Ra7 1-0

[Event "Monteolivete op 3rd"]
[Site "Alboraia"]
[Date "2023.07.21"]
[Round "7"]
[White "Krishna, C Revanth Gopala"]
[Black "Antolak, Julia"]
[Result "1/2-1/2"]
[WhiteElo "2409"]
[BlackElo "2293"]
[PlyCount "82"]
[EventDate "2023.07.17"]
[EventType "swiss"]
[EventRounds "9"]
[EventCountry "ESP"]
[SourceTitle "CBM 215 Extra"]
[Source "ChessBase"]
[SourceDate "2023.09.30"]
[SourceVersion "1"]
[SourceVersionDate "2023.09.30"]
[SourceQuality "1"]

1. Nf3 c5 2. b3 Nf6 3. Bb2 g6 4. c4 Bg7 5. g3 b6 6. Bg2 Bb7 7. 0-0 0-0 8. d4 cxd4 9. Nxd4 Bxg2 10. Kxg2 d5 11. Na3 dxc4 12. Nxc4 Qd5+ 13. f3 Rd8 14. Qc1 Na6 15. e4 Qc5 16. e5 Nd5 17. a4 Nab4 18. Qd2 a6 19. Rac1 b5 20. axb5 axb5 21. Na3 Qb6 22. Rfe1 e6 23. Re4 Bf8 24. Ndxb5 Bc5 25. Rxc5 Qxc5 26. Nd6 Nc6 27. Nac4 Ra2 28. Nb7 Ne3+ 29. Qxe3 Qxe3 30. Rxe3 Rxb2+ 31. Nxb2 Rd2+ 32. Kh3 Rxb2 33. Nc5 h5 34. Na4 Ra2 35. Nc3 Rb2 36. Ne2 Na5 37. Nd4 Rd2 38. Re4 Rb2 39. Re3 Rd2 40. Nb5 Rb2 41. Nd4 Rd2 1/2-1/2

[Event "Monteolivete op 3rd"]
[Site "Alboraia"]
[Date "2023.07.18"]
[Round "3"]
[White "Krishna, C Revanth Gopala"]
[Black "Garcia Ramos, Daniel"]
[Result "1-0"]
[WhiteElo "2409"]
[BlackElo "2462"]
[PlyCount "107"]
[EventDate "2023.07.17"]
[EventType "swiss"]
[EventRounds "9"]
[EventCountry "ESP"]
[SourceTitle "CBM 215 Extra"]
[Source "ChessBase"]
[SourceDate "2023.09.30"]
[SourceVersion "1"]
[SourceVersionDate "2023.09.30"]
[SourceQuality "1"]

1. d4 Nf6 2. c4 e6 3. g3 c5 4. Nf3 cxd4 5. Nxd4 d5 6. Bg2 e5 7. Nf3 d4 8. 0-0 Nc6 9. e3 Be7 10. exd4 exd4 11. Bf4 0-0 12. Ne5 Qb6 13. Qb3 Na5 14. Qf3 Be6 15. Nd2 Rac8 16. b3 h6 17. g4 Nc6 18. Nxc6 bxc6 19. g5 hxg5 20. Bxg5 Qa5 21. h4 Rfe8 22. Rfe1 Qf5 23. a3 c5 24. Qxf5 Bxf5 25. Bb7 Rc7 26. Bf3 Rd8 27. Bf4 Bd6 28. Bxd6 Rxd6 29. Re5 g6 30. b4 Nd7 31. Re8+ Kg7 32. b5 Re6 33. Rd8 g5 34. hxg5 Rg6 35. a4 Rxg5+ 36. Kh2 Ne5 37. a5 Re7 38. Bd5 Ng4+ 39. Kg3 Ne3+ 40. Kf4 Rg4+ 41. Kf3 Ng2 42. Rh1 Rg6 43. Be4 Re5 44. Rd5 Bxe4+ 45. Nxe4 Rxd5 46. cxd5 c4 47. d6 f5 48. Ng3 Kf6 49. Kxg2 f4 50. Re1 Rg8 51. d7 Rd8 52. Ne4+ Ke5 53. Nc5+ Kd5 54. Re8 1-0

[Event "Monteolivete op 3rd"]
[Site "Alboraia"]
[Date "2023.07.17"]
[Round "1"]
[White "Krishna, C Revanth Gopala"]
[Black "Kazarian, Anna Maja"]
[Result "1-0"]
[WhiteElo "2409"]
[BlackElo "2187"]
[PlyCount "73"]
[EventDate "2023.07.17"]
[EventType "swiss"]
[EventRounds "9"]
[EventCountry "ESP"]
[SourceTitle "CBM 215 Extra"]
[Source "ChessBase"]
[SourceDate "2023.09.30"]
[SourceVersion "1"]
[SourceVersionDate "2023.09.30"]
[SourceQuality "1"]

1. d4 d5 2. Nf3 Nf6 3. c4 c6 4. e3 g6 5. Nbd2 Bg7 6. b4 a5 7. b5 cxb5 8. cxb5 Bf5 9. Ba3 0-0 10. Be2 Ne4 11. Qb3 Re8 12. Rc1 a4 13. Qb2 Nd7 14. 0-0 g5 15. Rfd1 Qb6 16. Nxe4 dxe4 17. Nd2 h5 18. Bxh5 g4 19. Nf1 Qh6 20. Ng3 Qg5 21. Qe2 Nf6 22. Nxf5 Qxf5 23. Rc5 e5 24. Bxf7+ Kxf7 25. Qc4+ Kg6 26. Rc7 Nd7 27. Rxb7 Rh8 28. Qc6+ Nf6 29. Qc7 Rh7 30. Qf7+ Kg5 31. Be7 Rah8 32. dxe5 Qg6 33. Bxf6+ Bxf6 34. Qxg6+ Kxg6 35. Rxh7 Rxh7 36. exf6 Rb7 37. Rb1 1-0

[Event "Paris-ch IdF"]
[Site "Paris"]
[Date "2023.07.16"]
[Round "9"]
[White "Bonte, Andrei Mihai"]
[Black "Krishna, C Revanth Gopala"]
[Result "0-1"]
[WhiteElo "2343"]
[BlackElo "2409"]
[PlyCount "162"]
[EventDate "2023.07.11"]
[EventType "swiss"]
[EventRounds "9"]
[EventCountry "FRA"]
[SourceTitle "CBM 215 Extra"]
[Source "ChessBase"]
[SourceDate "2023.09.30"]
[SourceVersion "1"]
[SourceVersionDate "2023.09.30"]
[SourceQuality "1"]

1. Nf3 f5 2. b3 d6 3. e3 e5 4. d4 e4 5. Ng1 Nf6 6. Nh3 Be6 7. Nf4 Bf7 8. h4 d5 9. Be2 Bd6 10. Ba3 0-0 11. Bxd6 Qxd6 12. c3 Nc6 13. Qc1 Nd8 14. Qa3 Qd7 15. c4 dxc4 16. bxc4 Ne6 17. Nxe6 Qxe6 18. Nc3 c6 19. g3 h6 20. h5 b6 21. Rd1 Rfd8 22. Rh4 Rd7 23. Kf1 Rad8 24. Kg2 Kh7 25. Rd2 Qe8 26. Rf4 Be6 27. Rh4 Qf7 28. Qa4 Rc7 29. Rh1 Rb8 30. Qb3 Rd8 31. Qa4 Kh8 32. Rh4 Rb8 33. Qb3 Rd7 34. Qa4 Rc8 35. Rh1 Kh7 36. Rh4 Qe8 37. Qd1 Rcd8 38. Rf4 Qf7 39. Qh1 Qe7 40. Qh3 a6 41. Rxf5 b5 42. g4 Bxf5 43. gxf5 bxc4 44. Qg3 c5 45. d5 Nxd5 46. Rxd5 Rxd5 47. Nxd5 Rxd5 48. Bxc4 Rd6 49. Kh3 a5 50. a4 Qf6 51. Qf4 Rd2 52. Be6 Qg5 53. Qxe4 Qxh5+ 54. Kg3 Qg5+ 55. Kf3 Qf6 56. Qa8 Qd8 57. Qe4 Kh8 58. Bc4 Rd6 59. Qe5 h5 60. e4 Rh6 61. Qf4 h4 62. Kg2 Qd6 63. e5 Qc6+ 64. Kh2 h3 65. Qg5 Qg2+ 66. Qxg2 hxg2+ 67. Kxg2 Rh4 68. Bf7 Re4 69. f4 Rxf4 70. e6 Re4 71. Kf3 Re1 72. Kf4 c4 73. e7 Rxe7 74. Bxc4 Kh7 75. Be6 Kh6 76. Ke5 Kg5 77. Kd6 Kf6 78. Bb3 Re4 79. Kc6 Rb4 80. Be6 Rxa4 81. Kb5 Rf4 0-1

[Event "Paris-ch IdF"]
[Site "Paris"]
[Date "2023.07.13"]
[Round "3"]
[White "O'Donnell, Conor"]
[Black "Krishna, C Revanth Gopala"]
[Result "0-1"]
[WhiteElo "2300"]
[BlackElo "2409"]
[PlyCount "116"]
[EventDate "2023.07.11"]
[EventType "swiss"]
[EventRounds "9"]
[EventCountry "FRA"]
[SourceTitle "CBM 215 Extra"]
[Source "ChessBase"]
[SourceDate "2023.09.30"]
[SourceVersion "1"]
[SourceVersionDate "2023.09.30"]
[SourceQuality "1"]

1. d4 f5 2. g3 Nf6 3. Bg2 g6 4. Nf3 Bg7 5. 0-0 0-0 6. Nbd2 d6 7. Re1 d5 8. c4 e6 9. cxd5 exd5 10. Nb3 Ne4 11. Bf4 Nd7 12. Qc1 c6 13. Ne5 Qb6 14. Nxd7 Bxd7 15. f3 Nf6 16. Be5 Rf7 17. Nc5 Re8 18. e3 Bc8 19. Rb1 Qd8 20. b4 b6 21. Nd3 Ba6 22. Bf1 Bc4 23. a3 Nd7 24. f4 Bf8 25. Nf2 b5 26. Nd3 Nb6 27. Nb2 Bxf1 28. Kxf1 Qc8 29. Re2 Rb7 30. Nd3 Nc4 31. Ra2 a5 32. Kf2 Ra7 33. Rba1 Qd7 34. Ke2 Rea8 35. Qb1 Qb7 36. h4 h5 37. Bf6 Qf7 38. Be5 Ra6 39. Qb3 Qa7 40. Nc1 axb4 41. axb4 Ra4 42. Kd3 Qa6 43. Ke2 Kf7 44. Kd3 Qb7 45. Ke2 Qa6 46. Kd3 Be7 47. Ke2 Ra7 48. Bb8 Ra8 49. Be5 Ke6 50. Kd3 Kd7 51. Ke2 Ra7 52. Bb8 Ra8 53. Be5 Kd8 54. Kd1 Kc8 55. Ke2 Kb7 56. Kd1 Qb6 57. Rxa4 bxa4 58. Qc3 Bxb4 0-1